| 000 | 00408nam a2200157Ia 4500 | ||
|---|---|---|---|
| 008 | 230312s9999||||xx |||||||||||||| ||und|| | ||
| 020 | _a0-470-29229-7 | ||
| 082 |
_a720 _bMUR-G |
||
| 100 | _aMurdock;Kelly.L | ||
| 245 | 0 | _aGoogle Sketch Up and Sketch Up Pro 7 Bible | |
| 260 |
_bWiley _aUSA _c2009 |
||
| 300 | _a198 | ||
| 546 | _aEng. | ||
| 650 |
_aArchitecture _vGoogle Sketch Up and Sketch Up |
||
| 942 | _cBK | ||
| 999 |
_c9702 _d9702 |
||